Подробности
| 000 -МАРКЕР |
| контрольное поле |
02827nam0a2200349 4500 |
| 001 - ИДЕНТИФИКАТОР ЗАПИСИ |
| контрольное поле |
RU\NLR\BIBL_A\012053042 |
| 005 - ИДЕНТИФИКАТОР ВЕРСИИ |
| контрольное поле |
20250217122119.0 |
| 010 ## - МЕЖДУНАРОДНЫЙ СТАНДАРТНЫЙ НОМЕР КНИГИ (ISBN) |
| Номер (ISBN) |
978-5-91718-584-2 |
| Тираж |
200 |
| 021 ## - НОМЕР ГОСУДАРСТВЕННОЙ РЕГИСТРАЦИИ |
| Код страны |
Российская Федерация |
| Номер |
КН-П-19-043428 |
| Номер Листа государственной регистраци |
КН-П-19-3178 |
| 035 ## - ДРУГИЕ СИСТЕМНЫЕ НОМЕРА |
| Идентификатор записи |
(NLR Aleph) 012053042 |
| 035 ## - ДРУГИЕ СИСТЕМНЫЕ НОМЕРА |
| Идентификатор записи |
(RuMoRGB)010009597 |
| 100 ## - ДАННЫЕ ОБЩЕЙ ОБРАБОТКИ |
| Данные общей обработки |
20190705d2019 k y0rusy50 ca |
| 101 0# - ЯЗЫК РЕСУРСА |
| Язык текста, звукозаписи и т.д. |
русский |
| 102 ## - СТРАНА ПУБЛИКАЦИИ ИЛИ ПРОИЗВОДСТВА |
| Страна публикации |
Российская Федерация |
| 105 ## - ПОЛЕ КОДИРОВАННЫХ ДАННЫХ: ТЕКСТОВЫЕ МАТЕРИАЛЫ, МОНОГРАФИЧЕСКИЕ |
| Кодированные данные о монографическом текстовом документе |
aczzzz001|yz |
| 200 1# - ЗАГЛАВИЕ И СВЕДЕНИЯ ОБ ОТВЕТСТВЕННОСТИ |
| Основное заглавие |
Вопросы теории и практики избирательного законодательства, посвященные 25-летию избирательной системы Краснодарского края |
| Сведения, относящиеся к заглавию |
материалы межвузовской научно-практической конференции (4 июня 2019 г., г. Краснодар), [проходившей в рамках Конкурса научных студенческих работ] |
| -- |
сборник статей |
| Первые сведения об ответственности |
Избирательная комиссия Краснодарского края |
| Последующие сведения об ответственности |
[под общ. ред. А. Д. Черненко] |
| 210 ## - ПУБЛИКАЦИЯ, РАСПРОСТРАНЕНИЕ И ДР. |
| Место издания, распространения и т.д. |
Краснодар |
| Имя издателя, распространителя и т. д. |
Юг |
| Дата издания, распространения и т.д. |
2019 |
| 215 ## - ФИЗИЧЕСКАЯ ХАРАКТЕРИСТИКА |
| Специфическое обозначение материала и объем |
343 с. |
| Другие сведения о физической характеристике |
ил., цв. портр., табл. |
| Размеры |
24 |
| 320 ## - ПРИМЕЧАНИЯ О НАЛИЧИИ В ДОКУМЕНТЕ БИБЛИОГРАФИИ / УКАЗАТЕЛЯ |
| Текст примечания |
Библиогр. в подстроч. примеч. и в тексте |
| 606 1# - НАИМЕНОВАНИЕ ТЕМЫ КАК ПРЕДМЕТ |
| Наименование темы |
Избирательное право |
| Формальный подзаголовок |
Съезды, совещания и т.п |
| Географический подзаголовок |
Российская Федерация |
| Системный номер авторитетной/нормативной записи |
2082836 |
| Идентификатор авторитетной/нормативной записи |
RU\NLR\AUTH\661258873 |
| 686 1# - ИНДЕКСЫ ДРУГИХ КЛАССИФИКАЦИЙ |
| Индекс |
Х620.52я431 |
| 702 #1 - ИМЯ ЛИЦА - ВТОРИЧНАЯ ОТВЕТСТВЕННОСТЬ |
| Начальный элемент ввода |
Черненко |
| Часть имени, кроме начального элемента ввода |
А. Д. |
| Даты |
1974- |
| Расширение инициалов личного имени |
Алексей Дмитриевич |
| Код отношения |
Редактор |
| 711 12 - НАИМЕНОВАНИЕ ОРГАНИЗАЦИИ - АЛЬТЕРНАТИВНАЯ ОТВЕТСТВЕННОСТЬ |
| Начальный элемент ввода |
Конкурс научных студенческих работ по вопросам теории и практики избирательного законодательства, посвященных 25-летию избирательной системы Краснодарского края |
| Место проведения временной организации |
Краснодар |
| Дата проведения временной организации |
2019 |
| Системный номер авторитетной/нормативной записи |
670288 |
| Идентификатор авторитетной/нормативной записи |
RU\NLR\AUTH\880505191 |
| 711 12 - НАИМЕНОВАНИЕ ОРГАНИЗАЦИИ - АЛЬТЕРНАТИВНАЯ ОТВЕТСТВЕННОСТЬ |
| Начальный элемент ввода |
"Вопросы теории и практики избирательного законодательства, посвященные 25-летию избирательной системы Краснодарского края", межвузовская научно-практическая конференция |
| Место проведения временной организации |
Краснодар |
| Дата проведения временной организации |
2019 |
| Системный номер авторитетной/нормативной записи |
670285 |
| Идентификатор авторитетной/нормативной записи |
RU\NLR\AUTH\880505189 |
| 712 01 - НАИМЕНОВАНИЕ ОРГАНИЗАЦИИ - ВТОРИЧНАЯ ОТВЕТСТВЕННОСТЬ |
| Код отношения |
Прочие |
| Начальный элемент ввода |
Краснодарский край |
| Структурное подразделение |
Избирательная комиссия |
| Системный номер авторитетной/нормативной записи |
626149 |
| Идентификатор авторитетной/нормативной записи |
RU\NLR\AUTH\880482815 |
| 942 ## - ДОПОЛНИТЕЛЬНЫЕ ЭЛЕМЕНТЫ ЗАПИСИ (АБИС) |
| Тип экземпляра АБИС |
Книга |
| 980 ## - КОЛЛЕКЦИЯ |
| Название коллекции |
НБР |
| 980 ## - КОЛЛЕКЦИЯ |
| Название коллекции |
Национальная библиография |